A History of Human Exploration - Statistics

General Stats
  • This quiz has been taken 113 times
  • The average score is 19 of 30
Answer Stats
Hint Answer % Correct
46,000 BCE This major landmass is reached Australia
91%
68,000 BCE Humans arrive on this subcontinent India
87%
32,000 BCE After crossing Beringia, Humans arrive in this U.S state Alaska
86%
2,000 BCE This massive island is discovered Greenland
85%
7,700 BCE This island is reached from Great Britain Ireland
85%
193,000 BCE Humans first begin in this country Ethiopia
84%
1250 CE The Maori Polynesians discover this country New Zealand
82%
500 CE The Indian Ocean is crossed to reach this country Madagascar
78%
874 CE The last European country is reached Iceland
77%
43,000 BCE Humans arrive first in this fully European country Greece
74%
18,000 CE This Mediterranean island is reached Sicily
74%
12,800 BCE This continent is arrived at South America
74%
209 CE This island chain is reached by the polynesians Hawaii
69%
5,200 BCE Humans reach this Mediterranean country Malta
68%
45,000 BCE This modern island country is reached over a land-bridge Japan
67%
65,000 BCE Humans reach this Archipelago Philippines
63%
123,000 BCE Humans reach this cape Cape of Good Hope
61%
1638 CE The Dodo goes extinct after this island is reached Mauritius
61%
123,000 BCE Humans arrive on this major peninsula Arabian Peninsula
56%
1895 CE This is the last major discovery Antarctica
53%
26,000 BCE Poland, Romania, Russia, and this Western European country are discovered France
53%
9,200 BCE This European peninsula is discovered Scandinavia
53%
1462 CE The Portuguese arrive in this country along with Sao Tome and Principe Cape Verde
51%
1690 CE The English reach this South American archipelago Falkland Islands
45%
4,000 BCE This U.S territory is discovered Puerto Rico
45%
1770 CE This African country is the last one to be reached by humanity Seychelles
44%
38,000 BCE This second largest island in the world is discovered New Guinea
35%
850 CE This North American island chain is reached Bahamas
34%
7,000 BCE This is the last Southeast Asian country to be reached Cambodia
33%
1604 CE This arctic island group is reached by a whaler Svalbard
28%
No matching quizzes found
Score Distribution
Percent of People with Each Score
Percentile by Number Answered
Your Score History
You have not taken this quiz